| 000 | 00477nam a2200181Ia 4500 | ||
|---|---|---|---|
| 003 | GCL | ||
| 008 | 140319s9999 xx 000 0 eng d | ||
| 040 |
_aGCL / _cGCL |
||
| 082 | 0 | 4 |
_a624.5183 _bR C |
| 100 | 1 | _aRAINA, V.K. | |
| 245 | 1 | 0 |
_aCONCRETE FOR CONSTRUCTION : FACTS AND PRADICE / _cRAINA, V.K. |
| 260 |
_a[S.N] : _bTOTA MC GRAW ، _c1993 |
||
| 300 | _a223 | ||
| 650 | 0 | 4 | _aالتحليل الرياضى |
| 650 | 0 | 4 | _aCONCRETE |
| 650 | 0 | 4 | _aBUILDING |
| 942 |
_2ddc _cBK |
||
| 999 |
_c10913 _d10913 |
||